[Event "2024 British Rapidplay Championship"]
[Site "Holiday Inn Peterborough - West"]
[Date "2024.03.02"]
[Round "5.64"]
[White "Liu, Jacob"]
[Black "Lees, Nicholas"]
[Result "0-1"]
[WhiteFideId "496960"]
[BlackFideId "444073"]
[WhiteElo "1573"]
[BlackElo "1802"]
[EventDate "2024.03.02"]

1. e4 c5 2. Nf3 Nc6 3. d4 cxd4 4. Nxd4 g6 5. c4 Bg7 6. Be3 d6 7. Nc3 Nf6 8. Be2 Bd7
9. f3 O-O 10. Qd2 Nxd4 11. Bxd4 Bc6 12. O-O Re8 13. Rfd1 Qd7 14. Nd5 Nh5 15. Bxg7
Nxg7 16. Nb4 Rac8 17. e5 Qc7 18. Nxc6 Qxc6 19. exd6 exd6 20. Bf1 Nf5 21. b3 Re5 22.
Bd3 Qc5+ 23. Kh1 Ng3+ 0-1

[Event "2024 British Rapidplay Championship"]
[Site "Holiday Inn Peterborough - West"]
[Date "2024.03.02"]
[Round "5.65"]
[White "Kaushik, Madhav"]
[Black "Crawford, Owen"]
[Result "1-0"]
[WhiteFideId "499986"]
[BlackFideId "343409393"]
[WhiteElo "1559"]
[BlackElo "1917"]
[EventDate "2024.03.02"]

1. e4 e5 2. Nf3 Nc6 3. Bb5 a6 4. Ba4 Nf6 5. O-O Be7 6. Re1 b5 7. Bb3 O-O 8. c3 d5
9. exd5 Nxd5 10. Nxe5 Nxe5 11. Rxe5 c6 12. d4 Bd6 13. Re1 Qh4 14. g3 Qh3 15. Be3
Ra7 16. Qd3 Re7 17. Na3 Rfe8 18. Nc2 Nf6 19. Qf1 Qh5 20. f3 Bh3 21. Qf2 Qg6 22. Bd2
h5 23. Rxe7 Rxe7 24. Re1 Rxe1+ 25. Bxe1 h4 26. g4 Qd3 27. Ne3 c5 28. Bc2 Bg3 29.
Bxd3 Bxf2+ 30. Bxf2 c4 31. Bf5 g5 32. Bc8 a5 33. Ba6 b4 34. Bxc4 Nd7 35. cxb4 axb4
36. Be1 Nb6 37. Bb3 Kf8 38. Bxb4+ Ke8 39. Nd1 f6 40. Nf2 1-0

[Event "2024 British Rapidplay Championship"]
[Site "Holiday Inn Peterborough - West"]
[Date "2024.03.02"]
[Round "5.66"]
[White "Botteley, Michael T"]
[Black "Mohammed Sharifdeen, Mohamed Nasrudeen Meeran"]
[Result "1-0"]
[WhiteFideId "427411"]
[BlackFideId "343423736"]
[WhiteElo "1896"]
[BlackElo "1551"]
[EventDate "2024.03.02"]

1. d4 Nf6 2. e3 g6 3. Nf3 Bg7 4. Be2 O-O 5. b3 d5 6. Bb2 Bg4 7. Nbd2 c6 8. c4 Nbd7
9. O-O Qc7 10. Rc1 e6 11. h3 Bxf3 12. Bxf3 Rac8 13. Qc2 Qd8 14. Rfd1 Re8 15. e4 dxe4
16. Nxe4 Nxe4 17. Qxe4 Nf6 18. Qh4 Qe7 19. Re1 a6 20. Re2 Qd8 21. Rd1 Qe7 22. Qg3
Qc7 23. Qg5 Nd7 24. h4 Bf6 25. Qh6 Bg7 26. Qe3 h5 27. g3 Kh7 28. Bc1 Qd8 29. Qd3
Nf6 30. Bg5 Kg8 31. Qe3 Qd6 32. Bf4 Qf8 33. Be5 Kh7 34. Qc3 Nd7 35. Bxg7 Qxg7 36.
Qb4 Rb8 37. a4 Red8 38. Qe7 Qf6 39. Qb4 Qxf3 40. Rde1 Qf6 41. c5 Nf8 42. Re4 Kg7
43. Rf4 Qe7 44. Qc3 Kh7 45. Qf3 Kg8 46. Kg2 Nd7 47. g4 Qxh4 48. Rh1 Qg5 49. Kf1 Qd5
50. Qh3 Kg7 51. gxh5 Qxh5 52. Rh4 Qf5 53. Rh7+ Kf6 54. Qh4+ Qg5 55. Rxf7+ Kxf7 56.
Qxg5 Rh8 57. Qf4+ Nf6 58. Rxh8 Rxh8 59. Qc7+ Kg8 60. Qd8+ Kg7 61. Qe7+ 1-0

[Event "2024 British Rapidplay Championship"]
[Site "Holiday Inn Peterborough - West"]
[Date "2024.03.02"]
[Round "5.68"]
[White "Keerthi Kumar, Advait"]
[Black "Shankar, Yashwardhan"]
[Result "1-0"]
[WhiteFideId "498033"]
[BlackFideId "2411067"]
[WhiteElo "1838"]
[BlackElo "1254"]
[EventDate "2024.03.02"]

1. e4 c5 2. Nf3 d6 3. d4 cxd4 4. Nxd4 Nf6 5. f3 g6 6. Be3 Bg7 7. Qd2 Nc6 8. c4 O-O
9. Nc3 Bd7 10. Be2 Rc8 11. O-O a6 12. Rac1 Re8 13. Rfd1 h5 14. Bf1 Kh7 15. Qf2 Nxd4
16. Bxd4 Be6 17. b3 Qa5 18. Bb6 Qg5 19. h4 Qe5 20. f4 Nxe4 21. fxe5 Nxf2 22. Kxf2
Bxe5 23. g3 Bg7 24. Bd4 Bh6 25. Be3 Bg7 26. Bg2 b5 27. Bb7 Rc7 28. Bxa6 bxc4 29.
Bxc4 Bxc4 30. bxc4 Rxc4 31. Nd5 Ra4 32. Rc2 e6 33. Nb6 Ra6 34. Rxd6 Rea8 35. Rdc6
R8a7 36. a4 Re7 37. Nc8 Rxc6 38. Rxc6 Rb7 39. a5 e5 40. Rc2 Rb8 41. a6 Ra8 42. a7
Bf6 43. Nd6 Bd8 44. Rc8 1-0

[Event "2024 British Rapidplay Championship"]
[Site "Holiday Inn Peterborough - West"]
[Date "2024.03.02"]
[Round "5.69"]
[White "Ferris, Oliver"]
[Black "Lim, Mark"]
[Result "0-1"]
[WhiteFideId "343400850"]
[BlackFideId "417734"]
[WhiteElo "1546"]
[BlackElo "1835"]
[EventDate "2024.03.02"]

1. e4 e6 2. d4 d5 3. e5 c5 4. c3 Qb6 5. Nf3 Bd7 6. Qb3 Nc6 7. Qxb6 axb6 8. Be3 Nh6
9. Bd3 cxd4 10. Bxd4 Bc5 11. h3 Bxd4 12. cxd4 Nb4 13. Kd2 Rxa2 14. Rxa2 Nxa2 15.
Nc3 Nb4 16. Ra1 O-O 17. Bb5 Bxb5 18. Nxb5 Rc8 19. Ra4 Nc6 20. Nd6 Rb8 21. g4 f6 22.
Ra3 fxe5 23. Nxe5 Nxd4 24. Rc3 Rf8 25. Ke3 Nc6 26. Nxc6 bxc6 27. Rxc6 Nf7 28. Nxf7
Kxf7 29. Rxb6 Kf6 30. f4 h6 31. f5 Kf7 32. Rxe6 Rb8 33. Rd6 Rxb2 34. Rxd5 Rh2 35.
Kf4 Rxh3 36. Rd7+ Kf6 37. Rd6+ Ke7 38. Re6+ Kf7 39. Rd6 Ra3 40. Rd7+ Kf8 41. Rd4
Ra6 42. Rd8+ Ke7 43. Rd4 Ra1 44. Re4+ Kf7 45. Re3 Ra6 46. Re4 Kf6 47. Re3 Ra4+ 48.
Re4 Rxe4+ 49. Kxe4 Kg5 50. Kf3 h5 51. gxh5 Kxf5 52. Kg3 Kg5 53. Kh3 Kxh5 54. Kg3
Kg5 55. Kh3 Kf4 56. Kh4 g5 57. Kh3 Kf3 58. Kh2 g4 59. Kh1 Kf2 0-1

[Event "2024 British Rapidplay Championship"]
[Site "Holiday Inn Peterborough - West"]
[Date "2024.03.02"]
[Round "5.70"]
[White "Bennet, Freddie"]
[Black "Kryshtafor, Maksym"]
[Result "1/2-1/2"]
[WhiteFideId "343437133"]
[BlackFideId "34129227"]
[WhiteElo "1460"]
[BlackElo "1660"]
[EventDate "2024.03.02"]

1. e4 e5 2. Nf3 Nc6 3. Bb5 a6 4. Ba4 Nf6 5. O-O Nxe4 6. Re1 Nc5 7. Bxc6 dxc6 8. Nxe5
Be7 9. d4 Ne6 10. Nf3 O-O 11. Be3 Bf6 12. c3 Re8 13. Nbd2 Nf8 14. Qc2 Bg4 15. Bf4
Qd7 16. Ne5 Bxe5 17. Bxe5 Ng6 18. Bg3 Rxe1+ 19. Rxe1 Re8 20. Rxe8+ Qxe8 21. Qe4 Qxe4
22. Nxe4 Bf5 23. Nc5 Bc8 24. Bxc7 Kf8 25. g3 Ke7 26. f3 f5 27. f4 Nf8 28. Kf2 Ne6
29. Nxe6 Bxe6 30. b3 Kd7 31. Bb6 g6 32. c4 h5 33. Kf3 Kd6 34. h3 Bd7 35. Ke3 Bc8
36. Kd3 Be6 1/2-1/2

[Event "2024 British Rapidplay Championship"]
[Site "Holiday Inn Peterborough - West"]
[Date "2024.03.02"]
[Round "5.72"]
[White "Li, Xiaofan"]
[Black "George, Matthew P"]
[Result "1/2-1/2"]
[WhiteFideId "343432689"]
[BlackFideId "407763"]
[WhiteElo "1771"]
[BlackElo "2003"]
[EventDate "2024.03.02"]

1. e4 a6 2. d4 c6 3. c4 d5 4. exd5 cxd5 5. cxd5 Nf6 6. Nc3 Nxd5 7. Nf3 g6 8. Bc4
Nxc3 9. bxc3 Bg7 10. O-O O-O 11. Bf4 Nc6 12. Re1 Qa5 13. Qc1 e6 14. Ne5 Nxe5 15.
Bxe5 Bd7 16. Bxg7 Kxg7 17. Re5 Qc7 18. Rc5 Qd6 19. Rh5 Rh8 20. Qh6+ Kg8 21. Rh3 Rc8
22. Bb3 e5 23. dxe5 Qxe5 24. Re3 Qg7 25. Qxg7+ Kxg7 26. Re7 Bc6 1/2-1/2

[Event "2024 British Rapidplay Championship"]
[Site "Holiday Inn Peterborough - West"]
[Date "2024.03.02"]
[Round "5.73"]
[White "Green, Michael"]
[Black "Stokes, Richard"]
[Result "1-0"]
[WhiteFideId "437514"]
[BlackFideId "432628"]
[WhiteElo "1894"]
[BlackElo "1692"]
[EventDate "2024.03.02"]

1. c3 e5 2. d4 exd4 3. cxd4 d5 4. Nc3 Nf6 5. Bf4 a6 6. Qc2 Bd6 7. Bxd6 Qxd6 8. h3
O-O 9. e3 c5 10. dxc5 Qxc5 11. Nf3 Nc6 12. Rd1 Re8 13. Be2 b5 14. Qd2 Be6 15. O-O
Rad8 16. Nd4 b4 17. Na4 Qd6 18. Nxc6 Qxc6 19. Qxb4 Rb8 20. Qd4 a5 21. Rc1 Qd6 22.
b3 Rb4 23. Qc5 Qd8 24. Bf3 Rh4 25. Rfd1 Bxh3 26. gxh3 Rxh3 27. Bg2 Rh5 28. Qc7 Qa8
29. Nb6 Qa6 1-0

[Event "2024 British Rapidplay Championship"]
[Site "Holiday Inn Peterborough - West"]
[Date "2024.03.02"]
[Round "5.74"]
[White "Pang, Ethan"]
[Black "Knox, Edward"]
[Result "1-0"]
[WhiteFideId "496995"]
[BlackFideId "343432328"]
[WhiteElo "1887"]
[BlackElo "1661"]
[EventDate "2024.03.02"]

1. e4 d5 2. exd5 Qxd5 3. Nc3 Qd8 4. Nf3 c6 5. Bc4 Bf5 6. d3 e6 7. Bf4 Nf6 8. O-O
Be7 9. Re1 O-O 10. Qe2 Nbd7 11. Rad1 Re8 12. h3 Nd5 13. Nxd5 exd5 14. Bb3 Bb4 15.
Qxe8+ Qxe8 16. Rxe8+ Rxe8 17. g4 Be6 18. a3 Ba5 19. Nd4 Nf8 20. c4 Ng6 21. Be3 Bb6
22. cxd5 Bxd5 23. Bxd5 cxd5 24. Nf5 Bxe3 25. fxe3 Rc8 26. Rd2 Rc7 27. Kf2 Ne7 28.
Nxe7+ Rxe7 29. Rc2 f6 30. Kf3 g5 31. Rc5 Rd7 32. e4 dxe4+ 33. Kxe4 Kf7 34. Kf5 Ke7
35. d4 Rxd4 36. Rc7+ Kd6 37. Rxh7 Rf4+ 38. Kg6 Kc6 39. Rf7 Rf2 40. Rxf6+ Rxf6 41.
Kxf6 Kd5 1-0

[Event "2024 British Rapidplay Championship"]
[Site "Holiday Inn Peterborough - West"]
[Date "2024.03.02"]
[Round "5.75"]
[White "Middleton, Tom"]
[Black "Markan, Sanket"]
[Result "0-1"]
[WhiteFideId "402834"]
[BlackFideId "343442226"]
[WhiteElo "1947"]
[BlackElo "1680"]
[EventDate "2024.03.02"]

1. e4 c5 2. Nf3 Nc6 3. Bb5 e6 4. Bxc6 bxc6 5. O-O d5 6. d3 Be7 7. Qe2 Nf6 8. Re1
O-O 9. Nbd2 a5 10. c4 Ba6 11. e5 Nd7 12. b3 Re8 13. Bb2 Rb8 14. Qe3 a4 15. Qf4 Nf8
16. h4 Ng6 17. Qg4 Nxh4 18. Nxh4 Bxh4 19. g3 Bg5 20. f4 Bh6 21. Qe2 g6 22. Kg2 Bg7
23. Qe3 Qe7 24. Ba3 Bf8 25. bxa4 Rb7 26. Nb3 dxc4 27. dxc4 Bxc4 28. Nxc5 Bd5+ 29.
Kf2 Rbb8 30. Rec1 Qa7 31. Rc2 h5 32. Qd4 Qb6 33. Ke3 Ra8 34. Qc3 Rxa4 35. Rb2 Qa7
36. Rb3 Rc4 0-1

[Event "2024 British Rapidplay Championship"]
[Site "Holiday Inn Peterborough - West"]
[Date "2024.03.02"]
[Round "5.76"]
[White "Fairhurst, Frederick"]
[Black "Mylovanov, Volodymyr"]
[Result "0-1"]
[WhiteFideId "343425682"]
[BlackFideId "34184732"]
[WhiteElo "1600"]
[BlackElo "1877"]
[EventDate "2024.03.02"]

1. e4 c5 2. Nf3 e6 3. d4 cxd4 4. Nxd4 a6 5. Nc3 b5 6. Be3 Bb7 7. Bd3 Nc6 8. f3 Bb4
9. a3 Bxc3+ 10. bxc3 Nf6 11. Rb1 Qa5 12. O-O Qxa3 13. Bxb5 Qxc3 14. Re1 O-O 15. Rb3
Qa5 16. Bxc6 Bxc6 17. Bd2 Qc7 18. Rc3 Rfb8 19. Qc1 e5 20. Nf5 Qb6+ 21. Be3 Qb4 22.
Rxc6 dxc6 23. Bd2 Qb2 24. Qd1 Rd8 25. Re2 Rd7 26. Qe1 Rad8 27. Qg3 Ne8 28. Bh6 Rd1+
29. Kf2 Qb6+ 30. Be3 Qb1 31. Nh6+ Kf8 32. Bc5+ Nd6 33. Qxe5 gxh6 34. Qf6 Qb8 35.
e5 Kg8 36. exd6 Rd5 37. Bd4 Rxd4 38. Qxd4 Rxd6 39. Qg4+ Rg6 40. Qd7 Qb6+ 41. Kf1
Qb1+ 42. Kf2 Qb5 43. Qe8+ Kg7 44. Re7 Qc5+ 45. Kf1 Qc4+ 46. Kf2 Qxc2+ 47. Ke1 Qc4
0-1

[Event "2024 British Rapidplay Championship"]
[Site "Holiday Inn Peterborough - West"]
[Date "2024.03.02"]
[Round "5.77"]
[White "Amir, Zain"]
[Black "Basson, Heinrich"]
[Result "1-0"]
[WhiteFideId "473227"]
[BlackFideId "14301440"]
[WhiteElo "1689"]
[BlackElo "1848"]
[EventDate "2024.03.02"]

1. d4 d5 2. Bf4 Nf6 3. e3 c6 4. Nf3 Qb6 5. Qc1 Bf5 6. Nbd2 Na6 7. c3 e6 8. Nh4 Bg6
9. Nxg6 hxg6 10. Bd3 c5 11. O-O Bd6 12. Nf3 Bxf4 13. exf4 Rc8 14. Qc2 Kf8 15. Rfe1
Qd6 16. g3 Ng4 17. h4 Nf6 18. Re2 Ke7 19. Ng5 Nc7 20. Rae1 Rhe8 21. Bxg6 fxg6 22.
Qxg6 Ne4 23. Qxg7+ Kd8 24. Nf7+ Kd7 25. Nxd6+ Kxd6 26. dxc5+ Nxc5 27. Qe5+ Kc6 28.
Qd4 Nb5 29. Qd1 Nd6 30. b4 Nce4 31. Qa4+ Kc7 32. Qxa7 Ra8 33. Qd4 Nf5 34. Qe5+ Kd7
35. Rd1 Kc8 36. c4 Ra3 37. cxd5 1-0

[Event "2024 British Rapidplay Championship"]
[Site "Holiday Inn Peterborough - West"]
[Date "2024.03.02"]
[Round "5.78"]
[White "Davies, Peter L"]
[Black "Bevis, Noah"]
[Result "0-1"]
[WhiteFideId "1801171"]
[BlackFideId "343434630"]
[WhiteElo "1876"]
[BlackElo "1454"]
[EventDate "2024.03.02"]

1. d4 g6 2. c4 Bg7 3. Nc3 c5 4. d5 d6 5. e4 Nf6 6. f4 Nbd7 7. Nf3 b6 8. Bd3 Bb7 9.
O-O O-O 10. Qe2 e5 11. f5 Nh5 12. g3 a6 13. a4 Nb8 14. Be3 Qd7 15. Qd2 Nf6 16. h3
Kh8 17. g4 Rg8 18. Kh2 Qe7 19. Ne2 gxf5 20. gxf5 Nbd7 21. Rg1 Rab8 22. Bh6 Bxh6 23.
Qxh6 Rxg1 24. Rxg1 Rg8 25. Ng5 Qf8 26. Qh4 h6 27. Nf3 Rxg1 28. Nexg1 Qg7 29. Ne2
Nf8 30. Ng3 N8h7 31. Nh5 Nxh5 32. Qxh5 Ng5 33. Nxg5 Qxg5 34. Qxg5 hxg5 35. Kg3 Kg7
36. Kg4 f6 37. h4 gxh4 38. Kxh4 Kh6 39. Be2 Bc8 40. Bh5 Bd7 41. Bf7 Bxa4 42. Be6
Bc2 43. Bc8 a5 44. Bd7 Bxe4 45. Kg4 Bd3 46. Bb5 Be2+ 47. Kg3 Kg5 48. Kf2 Bd3 49.
Ke3 Bxf5 50. Ba4 Bc8 51. Be8 Ba6 52. b3 f5 53. Bd7 Kf6 54. Kf3 Ke7 55. Bxf5 a4 56.
Bc2 a3 57. Bb1 b5 58. Ba2 bxc4 59. bxc4 Kf6 60. Ke4 Bc8 61. Ke3 Kg5 62. Kd2 Kf4 63.
Kc3 e4 64. Bb1 Kf3 65. Kb3 e3 66. Bd3 Bf5 67. Bf1 Kf2 0-1

[Event "2024 British Rapidplay Championship"]
[Site "Holiday Inn Peterborough - West"]
[Date "2024.03.02"]
[Round "5.79"]
[White "Halpin, David"]
[Black "Sisupalan, Beni"]
[Result "0-1"]
[WhiteFideId "343403484"]
[BlackFideId "494585"]
[WhiteElo "1371"]
[BlackElo "1756"]
[EventDate "2024.03.02"]

1. e4 e5 2. Nf3 Nc6 3. Bc4 Bc5 4. Nc3 Nf6 5. O-O d6 6. d3 Bg4 7. Re1 Nd4 8. h3 Nxf3+
9. gxf3 Bxh3 10. Nd5 Nxd5 11. Bxd5 c6 12. Bb3 Qf6 13. Kh2 Qh4 14. Qe2 Bxf2 15. Qxf2
Qxf2+ 16. Kxh3 Qxf3+ 17. Kh4 Qf2+ 18. Kg4 h5+ 19. Kg5 Qf6# 0-1

[Event "2024 British Rapidplay Championship"]
[Site "Holiday Inn Peterborough - West"]
[Date "2024.03.02"]
[Round "5.80"]
[White "Graff, Ben"]
[Black "Ou, Siyuan"]
[Result "1/2-1/2"]
[WhiteFideId "424170"]
[BlackFideId "343405657"]
[WhiteElo "1782"]
[BlackElo "1434"]
[EventDate "2024.03.02"]

1. e4 e6 2. d4 d5 3. exd5 exd5 4. Bd3 Nf6 5. Ne2 Bd6 6. Bf4 Nc6 7. c3 Bg4 8. f3 Bxf4
9. Nxf4 Qd6 10. Qd2 Bh5 11. O-O O-O 12. Nxh5 Nxh5 13. Qc2 h6 14. Na3 a6 15. b4 Nf4
16. b5 Nxd3 17. bxc6 Qxa3 18. cxb7 Rab8 19. Qxd3 Rxb7 20. Rfe1 Rb2 21. Re5 c6 22.
Re2 Rxe2 23. Qxe2 Qxc3 24. Rd1 c5 25. dxc5 Qxc5+ 26. Qf2 Qxf2+ 27. Kxf2 Rd8 28. Rd4
Kf8 29. Ke3 Ke7 30. Kd3 Kd6 31. Ra4 Ra8 32. Ra5 Ke5 33. g3 g5 34. Ke3 Ra7 1/2-1/2

[Event "2024 British Rapidplay Championship"]
[Site "Holiday Inn Peterborough - West"]
[Date "2024.03.02"]
[Round "5.81"]
[White "Dhingra, Kanvansh"]
[Black "Kaszuba, Adrian"]
[Result "1-0"]
[WhiteFideId "33401500"]
[BlackFideId "41849027"]
[WhiteElo "1592"]
[BlackElo "1649"]
[EventDate "2024.03.02"]

1. e4 g6 2. d4 Bg7 3. Nf3 c6 4. Bd3 d6 5. O-O Nf6 6. c3 O-O 7. h3 Nbd7 8. Bf4 Qe8
9. e5 Nd5 10. Bh2 dxe5 11. Nxe5 Nxe5 12. dxe5 Bd7 13. Nd2 Rd8 14. Ne4 Bf5 15. Qc2
Bxe4 16. Bxe4 Rd7 17. Rad1 e6 18. Rfe1 Qe7 19. Bg3 Rfd8 20. Qa4 a6 21. Bf3 Nb6 22.
Qb3 Qc5 23. Bg4 Rd5 24. Bf3 Rxd1 25. Rxd1 Rxd1+ 26. Qxd1 Qe7 27. Qd6 Kf8 28. Qb8+
Qe8 29. Qxb7 Nc4 30. Bxc6 Qd8 31. Qb4+ 1-0

[Event "2024 British Rapidplay Championship"]
[Site "Holiday Inn Peterborough - West"]
[Date "2024.03.02"]
[Round "5.82"]
[White "Mouskos, Mia"]
[Black "Caraway, Samuel"]
[Result "1-0"]
[WhiteFideId "488380"]
[BlackFideId "444766"]
[WhiteElo "1539"]
[BlackElo "1834"]
[EventDate "2024.03.02"]

1. e4 Nc6 2. d4 e5 3. Nf3 exd4 4. Nxd4 Bc5 5. Be3 Qf6 6. c3 a6 7. Bc4 d6 8. O-O Qg6
9. Nxc6 bxc6 10. Bxc5 dxc5 11. Qf3 Ne7 12. h3 O-O 13. Nd2 Qg5 14. Rad1 Ng6 15. Rfe1
Ne5 16. Qe3 Nxc4 17. Qxg5 Nxb2 18. Rb1 Nd3 19. Re3 f6 20. Qg3 Ne5 21. f4 Nf7 22.
Nb3 Rb8 23. Ree1 c4 24. Na5 Ra8 25. Nxc6 Bd7 26. Ne7+ Kh8 27. Red1 Ba4 28. Rd4 Rfe8
29. Nd5 Rac8 30. Rxc4 Bb5 31. Rxc7 Nd6 32. Qxg7# 1-0

[Event "2024 British Rapidplay Championship"]
[Site "Holiday Inn Peterborough - West"]
[Date "2024.03.02"]
[Round "5.83"]
[White "Dupuis, Daniel"]
[Black "Graham, Neil"]
[Result "0-1"]
[WhiteFideId "343410529"]
[BlackFideId "408999"]
[WhiteElo "1542"]
[BlackElo "1824"]
[EventDate "2024.03.02"]

1. e4 e5 2. Nf3 Nf6 3. Nxe5 d6 4. Nf3 Nxe4 5. Qe2 Qe7 6. d3 Nf6 7. Bg5 Qxe2+ 8. Bxe2
Be7 9. Nc3 c6 10. Rb1 h6 11. Bxf6 Bxf6 12. Ne4 Be7 13. O-O d5 14. Ng3 O-O 15. d4
Be6 16. Rbc1 Nd7 17. c4 dxc4 18. Bxc4 Bxc4 19. Rxc4 Nb6 20. Rc2 Bf6 21. Ne4 Nd5 22.
Nc5 b6 23. Nd7 Rfc8 24. Nxf6+ gxf6 25. Rfc1 Nb4 26. Rc4 Nd3 27. R1c2 c5 28. R4c3
Nb4 29. Rd2 cxd4 30. Nxd4 Nxa2 31. Rxc8+ Rxc8 32. Rc2 Rxc2 33. Nxc2 a5 34. Kf1 Kf8
35. Ke2 Ke7 36. Ke3 Kd6 37. Nd4 Ke5 38. f4+ Kd5 39. Kd3 Nb4+ 40. Ke3 Kc4 41. g4 a4
42. h4 Nd5+ 43. Ke4 b5 44. h5 b4 45. g5 fxg5 46. fxg5 a3 47. bxa3 bxa3 48. Nc2 a2
49. gxh6 Nf6 50. Kf5 Nh7 51. Ke5 Kc3 52. Na1 Kb2 53. Kd6 Kxa1 54. Ke7 Kb1 55. Kxf7
a1=Q 56. Kg6 Qa7 57. Kf5 Qf7+ 58. Kg4 Nf6+ 59. Kg5 Qxh5+ 60. Kf4 Qxh6+ 61. Kf5 Ng8
62. Kg4 Qf6 63. Kh5 Kc2 64. Kg4 Kd3 65. Kh5 Qg7 66. Kh4 Ke3 67. Kh5 Kf4 68. Kh4 Qg4
0-1

[Event "2024 British Rapidplay Championship"]
[Site "Holiday Inn Peterborough - West"]
[Date "2024.03.02"]
[Round "5.84"]
[White "Gunarathne, Senith"]
[Black "Keshari, Rohit"]
[Result "1-0"]
[WhiteFideId "343104324"]
[BlackFideId "497088"]
[WhiteElo "1591"]
[BlackElo "1590"]
[EventDate "2024.03.02"]

1. e4 e6 2. d4 d5 3. exd5 exd5 4. c4 c6 5. Nc3 f5 6. Nf3 Nf6 7. Bf4 Bd6 8. Bg5 Bb4
9. Be2 O-O 10. O-O Be7 11. Qb3 Ne4 12. Bxe7 Qxe7 13. cxd5 Nxc3 14. bxc3 Qxe2 15.
dxc6+ Kh8 16. cxb7 Bxb7 17. Qxb7 Na6 18. Rfe1 Qc4 19. Ne5 Qc8 20. Qd5 h6 21. Ng6+
Kh7 22. Nxf8+ Qxf8 23. Qa5 Nb8 24. Qb5 a6 25. Qb7 Nd7 26. Qxd7 Rd8 27. Qe7 Qg8 28.
Rab1 Rc8 29. Qd7 Rd8 30. Qxf5+ Kh8 31. Qa5 Qf7 1-0

[Event "2024 British Rapidplay Championship"]
[Site "Holiday Inn Peterborough - West"]
[Date "2024.03.02"]
[Round "5.85"]
[White "Yu, Robin"]
[Black "Siu, Kam Wa"]
[Result "0-1"]
[WhiteFideId "343401333"]
[BlackFideId "6008860"]
[WhiteElo "1554"]
[BlackElo "1456"]
[EventDate "2024.03.02"]

1. c4 c6 2. Nc3 d5 3. cxd5 cxd5 4. d4 Bf5 5. g3 Nc6 6. Bg2 e6 7. e3 Nf6 8. Nf3 Be7
9. O-O O-O 10. Nh4 Bg4 11. f3 Bh5 12. Bh3 Nd7 13. a3 Bxh4 14. gxh4 Qxh4 15. Bg2 f5
16. Qd3 Rf6 17. Ne2 Raf8 18. Bd2 Rh6 19. Be1 Qg5 20. Bg3 Bg6 21. Bf4 Qh4 22. Bxh6
Qxh6 23. f4 Nf6 24. Rf3 Bh5 25. Rh3 Qg6 26. Rg3 Bg4 27. h3 Bxe2 28. Qxe2 Qxg3 29.
Rf1 Ne4 30. Rf3 Qh4 31. Kh2 Rf6 32. Rf1 Ng3 0-1

[Event "2024 British Rapidplay Championship"]
[Site "Holiday Inn Peterborough - West"]
[Date "2024.03.02"]
[Round "5.86"]
[White "Smith, Andrew PE"]
[Black "Blair, Jimmy"]
[Result "1/2-1/2"]
[WhiteFideId "469793"]
[BlackFideId "437565"]
[WhiteElo "1645"]
[BlackElo "1580"]
[EventDate "2024.03.02"]

1. d4 d5 2. Nf3 Nc6 3. c4 e6 4. Nc3 Bb4 5. e3 Nf6 6. Bd3 O-O 7. O-O Ne7 8. a3 Bxc3
9. bxc3 c6 10. Qe2 Ne4 11. Bxe4 dxe4 12. Nd2 f5 13. f3 exf3 14. Nxf3 Ng6 15. e4 f4
16. Bd2 b6 17. Ne5 Nxe5 18. dxe5 Qg5 19. g3 Qxe5 20. gxf4 Qf6 21. Rf3 Bb7 22. Raf1
c5 23. f5 Qh4 24. Rf4 Qe7 25. Qg4 exf5 26. exf5 Rad8 27. f6 Rxf6 28. Bc1 Rxf4 29.
Qxf4 Rf8 30. Qg3 Rxf1+ 31. Kxf1 Qf7+ 32. Qf4 Qxf4+ 33. Bxf4 h6 34. Bb8 a6 35. a4
Kf7 36. Ba7 Ke6 37. Bxb6 Kd6 38. Ke2 g5 39. Bd8 g4 40. Bf6 h5 41. Ke3 Ke6 42. Bh4
Bf3 43. a5 Kf5 44. Be7 Ke6 45. Bxc5 h4 46. Bd4 h3 47. Kf2 Kf5 48. Kg3 Ke6 49. Kf4
Kd7 50. c5 Kc6 51. Kg3 Kb5 52. Bf6 Kxc5 53. Kf2 Kb5 54. Bd8 Kc4 55. Bf6 Kb5 56. Bd8
Kc6 57. Bb6 Kb5 58. Bd8 Kc4 59. Bf6 Kd3 60. Bg7 Ke4 61. Kg3 Kf5 62. c4 Ke6 63. c5
Kd5 64. Bf8 Kc6 65. Be7 Kb5 66. Bd8 Kxc5 67. Bb6+ Kb5 68. Kf2 Kc4 69. Kg3 1/2-1/2

[Event "2024 British Rapidplay Championship"]
[Site "Holiday Inn Peterborough - West"]
[Date "2024.03.02"]
[Round "5.87"]
[White "Letton, Rob"]
[Black "Brookbanks, Alan"]
[Result "1-0"]
[WhiteFideId "464384"]
[BlackFideId "343443389"]
[WhiteElo "1722"]
[BlackElo "1569"]
[EventDate "2024.03.02"]

1. e4 c5 2. Nc3 Nc6 3. g3 e6 4. Bg2 d6 5. Nf3 Nf6 6. O-O Be7 7. d4 O-O 8. Re1 cxd4
9. Nxd4 d5 10. exd5 Bc5 11. dxc6 bxc6 12. Nxc6 Qb6 13. Kh1 Bb7 14. Na4 Qa6 15. Nxc5
Qb5 16. Nxb7 Rae8 17. Nd6 Qh5 18. Qxh5 Nxh5 19. Nxe8 Rxe8 20. Be3 a6 21. Rad1 Nf6
22. c4 e5 23. c5 g6 24. Rd6 Nh5 25. Red1 Kg7 26. Nb4 a5 27. Nd5 e4 28. c6 1-0

[Event "2024 British Rapidplay Championship"]
[Site "Holiday Inn Peterborough - West"]
[Date "2024.03.02"]
[Round "5.88"]
[White "Waterman, Nick I"]
[Black "Patel, Diah"]
[Result "0-1"]
[WhiteFideId "443123"]
[BlackFideId "496677"]
[WhiteElo "1667"]
[BlackElo "1545"]
[EventDate "2024.03.02"]

1. c4 e5 2. g3 Nc6 3. Bg2 Nf6 4. Nc3 g6 5. d3 Bg7 6. Nf3 O-O 7. O-O d6 8. Rb1 Be6
9. h3 Qd7 10. Kh2 h6 11. e4 Nh5 12. Be3 f5 13. Nh4 Rf6 14. Nd5 Bxd5 15. cxd5 Ne7
16. f4 exf4 17. gxf4 fxe4 18. dxe4 Raf8 19. Nxg6 Nxg6 20. Qxh5 Nxf4 21. Rxf4 Rxf4
22. Bxf4 Rxf4 23. b3 Be5 24. Qg6+ Kf8 25. Qxh6+ Ke8 26. Qh5+ Kd8 27. Qg5+ Kc8 28.
Qg8+ Rf8+ 0-1

[Event "2024 British Rapidplay Championship"]
[Site "Holiday Inn Peterborough - West"]
[Date "2024.03.02"]
[Round "5.89"]
[White "Fisher, Neal"]
[Black "Sudagar, Vidhyuth Kavin"]
[Result "1-0"]
[WhiteFideId "442100"]
[BlackFideId "343430244"]
[WhiteElo "1647"]
[BlackElo "1542"]
[EventDate "2024.03.02"]

1. d4 c6 2. Bf4 d5 3. e3 Bf5 4. c3 e6 5. Nf3 Nf6 6. Nbd2 Nbd7 7. Be2 Be7 8. h3 h6
9. Ne5 Nxe5 10. dxe5 Ne4 11. Nxe4 Bxe4 12. Bf3 Bxf3 13. Qxf3 Bg5 14. O-O Bxf4 15.
exf4 O-O 16. Qe2 Qh4 17. Qe3 a6 18. Rad1 Rac8 19. Qg3 Qxg3 20. fxg3 c5 21. Rd2 c4
22. Kf2 b5 23. a3 Rfd8 24. Ke3 Kf8 25. g4 Ke7 26. h4 a5 27. f5 b4 28. axb4 axb4 29.
Ra1 b3 30. Kd4 Rd7 31. Rdd1 Rdd8 32. Ra7+ Rd7 33. Rda1 Rcd8 34. R7a6 Rc8 35. Rb6
Re8 36. Raa6 Red8 37. fxe6 fxe6 38. Rxe6+ Kf8 39. Red6 Rxd6 40. Rxd6 Rxd6 41. exd6
Ke8 42. Kxd5 Kd7 43. g5 hxg5 44. hxg5 g6 45. g4 Kd8 46. Ke6 Ke8 47. Kf6 Kd7 48. Kxg6
Kxd6 49. Kf6 Kd5 50. g6 Ke4 51. g7 Kd3 52. g8=Q Kc2 53. Qxc4 Kxb2 54. g5 Kc2 55.
Qb4 b2 56. Qxb2+ Kxb2 57. c4 Kb3 58. c5 Kb4 59. c6 Kb5 60. c7 Kc4 61. c8=Q+ Kd4 62.
Qg4+ Kc5 63. g6 Kd5 64. g7 Kc5 65. g8=R Kc6 66. Rc8+ Kd5 67. Qe6+ Kd4 68. Rd8+ Kc5
69. Rd5+ Kc4 70. Qe4+ Kc3 71. Rd3+ Kb2 72. Qe2+ Kc1 73. Rd1# 1-0

[Event "2024 British Rapidplay Championship"]
[Site "Holiday Inn Peterborough - West"]
[Date "2024.03.02"]
[Round "5.90"]
[White "Cepoi, Gesneria-Codruta"]
[Black "Borgars, Alan"]
[Result "1-0"]
[WhiteFideId "1285297"]
[BlackFideId "343433880"]
[WhiteElo "1655"]
[BlackElo "1522"]
[EventDate "2024.03.02"]

1. e4 c5 2. Nf3 d6 3. Bc4 Nc6 4. d4 cxd4 5. Nxd4 Nf6 6. Nc3 g6 7. Be3 Bg7 8. h3 Ne5
9. Bb3 O-O 10. f4 Nc6 11. Qf3 e5 12. fxe5 Nxe5 13. Qf2 Qa5 14. O-O-O Bd7 15. Bd2
Qc7 16. Bg5 Ne8 17. Be7 a5 18. Bxf8 Bxf8 19. Rhf1 Bh6+ 20. Kb1 Bc8 21. Ncb5 Qd7 22.
a4 Bg7 23. Nf3 Ra6 24. Nxe5 Bxe5 25. Bxf7+ Kg7 26. Be6 Qe7 27. Bxc8 Nf6 28. Bg4 Nxe4
29. Qf3 Nc5 30. Qa3 Ne4 31. Bf3 Nf6 32. Rde1 Qf7 33. g4 Rb6 34. Rd1 Qc4 35. Qb3 Qc5
36. g5 Ne8 37. Bc6 d5 38. Bxe8 Qe7 39. Rf7+ Qxf7 40. Bxf7 Kxf7 41. Qxd5+ 1-0